[Event "Lille Luce op 6th"]
[Site "Lille"]
[Date "2015.05.08"]
[Round "7"]
[White "Descatoire, Raymond"]
[Black "Van Foreest, Machteld"]
[Result "0-1"]
[WhiteElo "1012"]
[BlackElo "1420"]
[PlyCount "59"]
[EventDate "2015.05.04"]
[EventType "swiss"]
[EventRounds "9"]
[EventCountry "FRA"]
[SourceTitle "EXT 2017"]
[Source "ChessBase"]
[SourceDate "2016.10.25"]
[SourceVersion "1"]
[SourceVersionDate "2016.10.25"]
[SourceQuality "1"]

1. e4 e5 2. Nf3 Nc6 3. Bc4 Bc5 4. 0-0 d6 5. d3 Bg4 6. Bxf7+ Kf8 7. Bd5 Qf6 8. Bg5 Bxf3 9. Bxf6 Bxd1 10. Rxd1 Nxf6 11. Nc3 a6 12. h3 Bd4 13. Rab1 Ke7 14. g4 Rhf8 15. Kg2 Kd7 16. f3 Bc5 17. a3 Rab8 18. b4 Bb6 19. Ne2 Nxd5 20. exd5 Nd4 21. Rd2 Nxf3 22. Rdd1 Nh4+ 23. Kg3 Bf2+ 24. Kh2 Be3 25. Rf1 Nf3+ 26. Rxf3 Rxf3 27. Ng1 Rf2+ 28. Kg3 Rbf8 29. h4 Rxc2 30. Nf3 0-1

[Event "Lille Luce op 6th"]
[Site "Lille"]
[Date "2015.??.??"]
[Round "8.68"]
[White "Descatoire, Raymond"]
[Black "Boudelle, Gilles"]
[Result "1-0"]
[WhiteElo "1012"]
[BlackElo "1399"]
[PlyCount "115"]
[EventDate "2015.05.04"]
[EventType "swiss"]
[EventRounds "9"]
[EventCountry "FRA"]
[SourceTitle "EXT 2017"]
[Source "ChessBase"]
[SourceDate "2016.10.25"]
[SourceVersion "1"]
[SourceVersionDate "2016.10.25"]
[SourceQuality "1"]

1. e4 d5 2. e5 a6 3. d4 e6 4. Be2 c5 5. c3 cxd4 6. cxd4 Bb4+ 7. Nc3 Bxc3+ 8. bxc3 Ne7 9. Nh3 Nbc6 10. 0-0 b5 11. a3 Bb7 12. Bd3 Qb6 13. Rb1 0-0-0 14. Ng5 Rdf8 15. Qb3 f6 16. Nxe6 Rfg8 17. a4 fxe5 18. Be3 Na5 19. Qb4 Re8 20. Nc5 Nec6 21. Bf5+ Kb8 22. Nd7+ Kc7 23. Qc5 Qxc5 24. Nxc5 Kd6 25. axb5 exd4 26. cxd4 Bc8 27. bxc6 Bxf5 28. Rb6 Rb8 29. Rfb1 Bxb1 30. Bf4+ Ke7 31. Bxb8 Nc4 32. Rxb1 a5 33. Re1+ Kd8 34. c7+ Kc8 35. Rb1 Re8 36. g3 Nd2 37. Ra1 Nf3+ 38. Kg2 Nxd4 39. Rxa5 Nc6 40. Ra8 Re5 41. Na6 Ne7 42. Ba7+ Kb7 43. Bd4 Re6 44. Re8 Rxa6 45. Rxe7 Ra8 46. Rxg7 Rc8 47. Be5 Kc6 48. Rxh7 Kc5 49. Rh4 Re8 50. Bd4+ Kd6 51. Rh7 Rc8 52. Bb6 Kc6 53. Ba5 d4 54. h4 d3 55. f4 Kc5 56. Rd7 Kc6 57. Rxd3 Kb5 58. Rd8 1-0

[Event "Lille Luce op 6th"]
[Site "Lille"]
[Date "2015.??.??"]
[Round "4.66"]
[White "Duee, Paul"]
[Black "Descatoire, Raymond"]
[Result "1/2-1/2"]
[WhiteElo "1650"]
[BlackElo "1012"]
[PlyCount "40"]
[EventDate "2015.05.04"]
[EventType "swiss"]
[EventRounds "9"]
[EventCountry "FRA"]
[SourceTitle "EXT 2017"]
[Source "ChessBase"]
[SourceDate "2016.10.25"]
[SourceVersion "1"]
[SourceVersionDate "2016.10.25"]
[SourceQuality "1"]

1. d4 Nf6 2. c4 e6 3. Nf3 b6 4. Bg5 h6 5. Bxf6 Qxf6 6. g3 Bb7 7. Bg2 Bb4+ 8. Nc3 Bxc3+ 9. bxc3 0-0 10. 0-0 d6 11. Re1 Nd7 12. e4 e5 13. d5 Nc5 14. Nd2 Ba6 15. Qe2 c6 16. Qe3 Rac8 17. h4 Na4 18. Rab1 cxd5 19. Rb4 Nc5 20. cxd5 Nd3 1/2-1/2